000 01518 a2200469 4500
264 _aAnkara :
_bTOBB ETÜ Fen Bilimleri Enstitüsü,
_c2010.
999 _c200002190
_d12565
001 200002190
003 TR-AnTOB
005 20260210134035.0
008 130405s2010 tu 000 0
040 _aTR-AnTOB
_cTR-AnTOB
041 0 _atur
099 _aTEZ TOBB FBE ELE YL'10 MER
100 1 _aMerheb, Abdel-Razzak
_971161
245 1 0 _aYapay potansiyel fonksiyonlar ve panel metodu kullanarak robot dizilim kontrolü ve seyrüseferi /
_cAbdel-Razzak Merheb.
300 _aix,83 p. ;
_c29 cm.
502 _aTez (Y. Lisans)--TOBB ETÜ Fen Bilimleri Enst.,Ağustos 2010.
504 _aIncludes bibliographical references
650 0 0 _932546
_aTezler, Akademik
650 0 0 _aDissertations, Academic
_932543
653 _aGöreceli Konumlandırma
653 _aRobot Navigation
653 _aSwarm Systems
653 _aPotential Flow
653 _aPanel Method
653 _aArtificial Potential Functions
653 _aLazer Sensor
653 _aRelative Positioning
653 _aRobot Seyrüseferi
653 _aSürü Robot Sistemleri
653 _aPotansiyel Akış
653 _aPanel Metodu
653 _aYapay Potansiyel Fonksiyonları
653 _aLazer Algılayıcısı
710 2 _aTOBB Ekonomi ve Teknoloji Üniversitesi.
_bFen Bilimleri Enstitüsü
_977078
856 _ahttp://tez2.yok.gov.tr/
902 _aTZ00116
903 _aMerkez Kütüphane.
942 _cTEZ
_2z
945 _aMT